LEADER 01575nam a2200289 i 4500 001 000000212076 003 CaOOAMICUS 005 20220329113215.0 008 120326s1839 it u000 u ita u 013 $a190905 040 $aSeMil$bita 041 1 $aita$alat 100 1 $aVelleius Paterculus, Caius,$d.$0(OLS)http://semarc/name/90047 245 10$aDella istoria romana di Caio Velleio Patercolo a M. Vinicio Console :$bcon annotazioni scelte di varii /$cversione di Spiridione Petrettini corcirese. 246 01$aCaii Velleii Paterculi Historiae romanae ad M. Vinicium consulem cum lectissimis variorum notis 260 $aVenezia :$bTip. di Giuseppe Antonelli,$c1839. 300 $acol. 431-794 ;$c27 cm. 490 0 $aBiblioteca degli scrittori latini : con testo a fronte 500 $aFront. e testo originale a fronte 700 1 $aPetrettini, Spiridione <1777-1833>.$0(OLS)http://semarc/name/75702 830 0$aBiblioteca degli scrittori latini : con testo a fronte.$0(OLS)http://semarc/title/35760 850 $aSeMil 852 $aSeMil$W1$xVenegono$y1$m1X IV 41/B FA$j162511$B162511$CSeMilBibl$Z2$F173755 $8I 996 $6245$aDella istoria romana di Caio Velleio Patercolo a M. Vinicio Console :$bcon annotazioni scelte di varii$9(OLS)http://semarc/title/306233 996 $6246$aCaii Velleii Paterculi Historiae romanae ad M. Vinicium consulem cum lectissimis variorum notis$9(OLS)http://semarc/title/306234 996 $6260$aVenezia :$bTip. di Giuseppe Antonelli$9(OLS)http://semarc/publisher/52626 LEADER 01320nam a2200265 i 4500 001 000000217348 003 CaOOAMICUS 005 20121203000000.0 008 121203s1952 it u000 u ita u 013 $a196245 040 $aSeMil$bita 245 13$aLa tomba di S. Pietro martire e la cappella Portinari in S. Eustorgio di Milano /$cnotizie storico critiche raccolte da Venturino Alce. 260 $aFirenze :$bIl Rosario,$c1952. 260 $a[S.l. :$bs.n.],$c1952. 300 $a34 p., IV p. di tav. :$bill. ;$c25 cm. 500 $aEstr. da: Memorie domenicane, fasc. 1 (gen.-mar. 1952). 650 4$aMilano - Chiese - Sant'Eustorgio.$0(OLS)http://semarc/subject/44932 650 4$aPietro : da Verona .$0(OLS)http://semarc/subject/5398 650 4$aMilano - Chiese - Sant'Eustorgio - Cappella Portinari.$0(OLS)http://semarc/subject/30658 700 1 $aAlce, Venturino .$0(OLS)http://semarc/name/90527 850 $aSeMil 852 $aSeMil$W1$xVenegono$y1$m3O II 69$j167762$B167762$CSeMilBibl$Z2$F178527 $81 996 $6245$aLa tomba di S. Pietro martire e la cappella Portinari in S. Eustorgio di Milano$9(OLS)http://semarc/title/312293 996 $6260$a[S.l. :$bs.n.]$9(OLS)http://semarc/publisher/29751 996 $6260$aFirenze :$bIl Rosario$9(OLS)http://semarc/publisher/46690